| 000 | 00543nam a22001937a 4500 | ||
|---|---|---|---|
| 999 |
_c19469 _d19469 |
||
| 003 | AR-CdUCM | ||
| 008 | 190517b ||||| |||| 00| 0 spa d | ||
| 040 |
_aMUNICIPALIDAD PROVINCIAL DEL CUSCO _cBIBLIOTECA MUNICIPAL DEL CUSCO |
||
| 082 |
_a808 / _bL99 |
||
| 245 | _aLuz y verdad / | ||
| 260 |
_aNIcaragua : _bLas segovias, |
||
| 300 |
_a261 paginas ; _c22 cm. |
||
| 500 | _aLiteratura e historia | ||
| 650 |
_aLiteratura _983 |
||
| 650 |
_aHistoria _9136 |
||
| 650 |
_aNicaragua _92871 |
||
| 942 |
_2ddc _cLIBROS |
||
| 945 |
_apjha _d2019-05-17 |
||